| Tag |
First Indicator |
Second Indicator |
Subfields |
| LEADER |
00000pam a2200000 a 4500 |
| 001 |
in00000090997 |
| 005 |
20151008063846.0 |
| 008 |
810303s1981 nyu ab 00110 engm |
| 010 |
|
|
|a 80070210
|
| 020 |
|
|
|a 002901820X
|
| 035 |
|
|
|a (OCoLC)07278442
|
| 035 |
|
|
|9 AAK3064AM
|
| 039 |
0 |
|
|a 2
|b 3
|c 3
|d 3
|e 3
|
| 040 |
|
|
|a DLC
|c DLC
|d TXA
|d UtOrBLW
|
| 049 |
|
|
|a TXAM
|c 1 [1502214], 2 [1502215]
|
| 050 |
0 |
0 |
|a HM141
|b .S83 1981
|
| 082 |
0 |
|
|a 016.3023/4
|2 19
|
| 100 |
1 |
|
|a Stogdill, Ralph M.
|q (Ralph Melvin),
|d 1904-1978.
|
| 245 |
1 |
0 |
|a Stogdill's handbook of leadership :
|b a survey of theory and research.
|
| 250 |
|
|
|a Rev. and expanded ed. /
|b by Bernard M. Bass.
|
| 264 |
|
1 |
|a New York :
|b Free Press ;
|a London :
|b Collier Macmillan,
|c [1981]
|
| 264 |
|
4 |
|c ©1981
|
| 300 |
|
|
|a xviii, 856 pages ;
|c 26 cm.
|
| 336 |
|
|
|a text
|b txt
|2 rdacontent
|
| 337 |
|
|
|a unmediated
|b n
|2 rdamedia
|
| 338 |
|
|
|a volume
|b nc
|2 rdacarrier
|
| 500 |
|
|
|a Previously published as: Handbook of leadership.
|
| 500 |
|
|
|a Includes indexes.
|
| 504 |
|
|
|a Bibliography: pages 618-808.
|
| 650 |
|
0 |
|a Leadership
|x Abstracts.
|
| 650 |
|
0 |
|a Leadership
|x Bibliography.
|
| 700 |
1 |
|
|a Bass, Bernard M.
|
| 740 |
0 |
|
|a Handbook of leadership.
|
| 999 |
|
|
|a MARS
|
| 999 |
f |
f |
|s 2d677f16-2c8e-3250-af7c-451bf3a17cc3
|i a9b42256-85ff-3a25-befe-20b8d966d048
|t 0
|
| 952 |
f |
f |
|p ric
|a Texas A&M University
|b Rellis Campus
|c Joint Library Facility
|d Remote Storage
|t 0
|e HM141 .S83 1981
|h Library of Congress classification
|i unmediated -- volume
|m A14821585981
|
| 998 |
f |
f |
|a HM141 .S83 1981
|t 0
|l Remote Storage
|